[Event "Manila Pichay Cup 4th"]
[Site "Manila"]
[Date "2008.09.19"]
[Round "9"]
[White "Maga, Mirabeau"]
[Black "Nguyen, Van Huy"]
[Result "1/2-1/2"]
[WhiteElo "2256"]
[BlackElo "2386"]
[PlyCount "121"]
[EventDate "2008.09.14"]
[EventType "swiss"]
[EventRounds "9"]
[EventCountry "PHI"]
[SourceTitle "CBM 126 Extra"]
[Source "ChessBase"]
[SourceDate "2008.11.05"]
[SourceVersion "1"]
[SourceVersionDate "2008.11.05"]
[SourceQuality "1"]

1. d4 Nf6 2. c4 g6 3. Nc3 Bg7 4. e4 d6 5. Be2 0-0 6. Bg5 c5 7. d5 a6 8. a4 Qa5 9. Bd2 e6 10. f4 exd5 11. cxd5 Re8 12. Nf3 c4 13. Qc1 Qd8 14. Qc2 Nbd7 15. 0-0 Nc5 16. e5 Bf5 17. Qd1 dxe5 18. fxe5 Nxd5 19. Bxc4 Nxc3 20. Bxc3 Be6 21. Qe2 Bxc4 22. Qxc4 Ne6 23. a5 Qc8 24. Qa4 Qc5+ 25. Kh1 Red8 26. Rad1 Rac8 27. h3 Qb5 28. Qe4 Rd7 29. Rxd7 Qxd7 30. Nd2 Qc6 31. Qe2 Re8 32. Ne4 Nc5 33. Ng5 Re7 34. Qc4 Ne6 35. Qxc6 bxc6 36. Ne4 Nc7 37. Nf6+ Bxf6 38. exf6 Re6 39. Rf3 Kf8 40. Kh2 Ke8 41. Kg3 Nd5 42. Bd4 Re4 43. Rd3 Kd7 44. Kf3 Rf4+ 45. Ke2 Ke6 46. g3 Re4+ 47. Kf3 Re1 48. Rb3 Rd1 49. Ke4 Re1+ 50. Kf3 Ra1 51. Rb8 Rxa5 52. Re8+ Kd7 53. Rf8 Ra4 54. Be5 Ra1 55. Bd4 c5 56. Bxc5 Rf1+ 57. Bf2 Ke6 58. Re8+ Kd7 59. Rf8 Ke6 60. Re8+ Kd7 61. Rf8 1/2-1/2

[Event "Manila Pichay Cup 4th"]
[Site "Manila"]
[Date "2008.09.17"]
[Round "6"]
[White "Secopito, Catherine"]
[Black "Maga, Mirabeau"]
[Result "0-1"]
[WhiteElo "2212"]
[BlackElo "2256"]
[PlyCount "108"]
[EventDate "2008.09.14"]
[EventType "swiss"]
[EventRounds "9"]
[EventCountry "PHI"]
[SourceTitle "CBM 126 Extra"]
[Source "ChessBase"]
[SourceDate "2008.11.05"]
[SourceVersion "1"]
[SourceVersionDate "2008.11.05"]
[SourceQuality "1"]

1. d4 Nf6 2. c4 e5 3. dxe5 Ng4 4. Nf3 Nc6 5. e3 Bb4+ 6. Bd2 a5 7. Nc3 0-0 8. a3 Bxc3 9. Bxc3 Re8 10. Bd3 Qe7 11. Qc2 h6 12. 0-0-0 Ngxe5 13. Be2 d6 14. Nd4 a4 15. h3 Na5 16. Nf5 Bxf5 17. Qxf5 Naxc4 18. Rd4 b5 19. Rhd1 Rab8 20. Re4 Qg5 21. Qxg5 hxg5 22. f4 gxf4 23. exf4 Nd7 24. Rxe8+ Rxe8 25. Bxc4 bxc4 26. Rd4 Re2 27. Rxc4 Nc5 28. g3 Rh2 29. f5 Rxh3 30. Rg4 Rh7 31. Kd2 Kf8 32. Ke3 f6 33. Kd4 Rh5 34. Rf4 Ke8 35. Kc4 Kd7 36. Kb5 c6+ 37. Kc4 Ne4 38. Be1 Rh1 39. Bc3 Nxg3 40. Kd3 Rh5 41. Rxa4 Nxf5 42. Ra7+ Ke6 43. Ra8 Kd5 44. a4 Rh2 45. Bd2 c5 46. a5 Nd4 47. Bc3 Nf5 48. Bd2 c4+ 49. Kc3 Rh3+ 50. Kc2 Nd4+ 51. Kd1 Rh1+ 52. Be1 Nf3 53. Ke2 Nxe1 54. a6 Nc2 0-1

[Event "Manila PGMA Cup 3rd"]
[Site "Manila"]
[Date "2008.09.07"]
[Round "1"]
[White "Maga, Mirabeau"]
[Black "Villamayor, Buenaventura"]
[Result "0-1"]
[WhiteElo "2256"]
[BlackElo "2469"]
[PlyCount "122"]
[EventDate "2008.09.07"]
[EventType "swiss"]
[EventRounds "9"]
[EventCountry "PHI"]
[SourceTitle "CBM 126 Extra"]
[Source "ChessBase"]
[SourceDate "2008.11.05"]
[SourceVersion "1"]
[SourceVersionDate "2008.11.05"]
[SourceQuality "1"]

1. e4 d6 2. Nc3 Nf6 3. d4 g6 4. h4 Bg7 5. h5 Nxh5 6. Rxh5 gxh5 7. Qxh5 Bxd4 8. Bc4 e6 9. Nf3 Bxc3+ 10. bxc3 Qf6 11. e5 dxe5 12. Bg5 Qg6 13. 0-0-0 Nc6 14. Qh4 Bd7 15. Bb5 f6 16. Bxf6 Rf8 17. Bg5 Rf7 18. Bd3 Qg7 19. Be4 Ne7 20. Bh6 Qf6 21. Bg5 Qg7 22. Qg3 Nf5 23. Qxe5 Nd6 24. Bd3 Qxe5 25. Nxe5 Rxf2 26. Bxh7 Rxg2 27. Bg6+ Kf8 28. Bf6 Rxg6 29. Nxg6+ Kf7 30. Ne5+ Kxf6 31. Nxd7+ Ke7 32. Nc5 b6 33. Nd3 Nc4 34. Nb4 Na5 35. Kb2 Rg8 36. Nd3 Rg5 37. a4 Rg4 38. Rh1 Rxa4 39. Ne5 Re4 40. Rh7+ Kd6 41. Nf7+ Kd5 42. Nd8 Nc4+ 43. Kb3 Na5+ 44. Kb2 c6 45. Rxa7 Re1 46. Rd7+ Kc5 47. Re7 Kd6 48. Rh7 b5 49. Ra7 Nc4+ 50. Ka2 Rc1 51. Nf7+ Kc5 52. Nd8 Rxc2+ 53. Kb1 Rxc3 54. Nxe6+ Kb4 55. Nd4 Kc5 56. Ne6+ Kd5 57. Nc7+ Kd6 58. Ne8+ Kc5 59. Nf6 Re3 60. Nd7+ Kb4 61. Nb8 Kb3 0-1

[Event "Asia-ch 6th"]
[Site "Cebu"]
[Date "2007.09.23"]
[Round "5"]
[White "Yueh, Wei Po"]
[Black "Maga, Mirabeau"]
[Result "0-1"]
[WhiteElo "2044"]
[BlackElo "2368"]
[PlyCount "52"]
[EventDate "2007.09.19"]
[EventType "swiss"]
[EventRounds "11"]
[EventCountry "PHI"]
[SourceTitle "CBM 120 Extra"]
[Source "ChessBase"]
[SourceDate "2007.11.01"]
[SourceVersion "1"]
[SourceVersionDate "2007.11.01"]
[SourceQuality "1"]

1. d4 Nf6 2. c4 g6 3. Nf3 Bg7 4. e4 d6 5. Be2 0-0 6. Nc3 e5 7. 0-0 Nc6 8. d5 Ne7 9. b4 Nh5 10. Re1 f5 11. Ng5 Nf4 12. Bxf4 exf4 13. Rc1 Bh6 14. Nf3 g5 15. Nd4 g4 16. f3 fxe4 17. Nxe4 Nf5 18. Nxf5 Bxf5 19. Bf1 Qh4 20. Qe2 Rae8 21. Qf2 Qh5 22. fxg4 Bxg4 23. Ra1 Qg6 24. Nc3 f3 25. g3 Re2 26. Bxe2 fxe2 0-1

[Event "Shell Mixed Masters op"]
[Site "Philippines"]
[Date "1997.??.??"]
[Round "8"]
[White "Maga, Mirabeau"]
[Black "Donguines, Fernie"]
[Result "1-0"]
[WhiteElo "2370"]
[BlackElo "2445"]
[PlyCount "79"]
[EventDate "1997.??.??"]
[EventType "swiss"]
[EventRounds "9"]
[EventCountry "PHI"]
[SourceTitle "EXT 2001"]
[Source "ChessBase"]
[SourceDate "2000.11.22"]
[SourceVersion "1"]
[SourceVersionDate "2000.11.22"]
[SourceQuality "1"]

1. e4 g6 2. d4 Bg7 3. Bc4 d6 4. Qf3 e6 5. Ne2 c6 6. Bb3 Qe7 7. c4 Nd7 8. Nbc3 Ngf6 9. Be3 0-0 10. g4 c5 11. 0-0-0 cxd4 12. Bxd4 Ne5 13. Bxe5 dxe5 14. Ba4 a6 15. Kb1 Nd7 16. Qe3 Nc5 17. Bc2 Rb8 18. a3 b6 19. h4 Bb7 20. h5 Bf6 21. Rh3 Rfd8 22. Rg1 g5 23. h6 Rd4 24. Nxd4 exd4 25. Qg3 Nd7 26. e5 Bxe5 27. Qd3 f5 28. gxf5 dxc3 29. fxe6 Nf8 30. f4 Bxf4 31. Qxc3 Nxe6 32. Re1 Bc8 33. Bf5 Rb7 34. Rd3 Kf7 35. Qh8 Rc7 36. Qxh7+ Kf8 37. Qh8+ Kf7 38. h7 Qf6 39. Qg8+ Ke7 40. Bxe6 1-0

[Event "Greenhills op"]
[Site "Greenhills"]
[Date "1997.??.??"]
[Round "10"]
[White "Paragua, Mark"]
[Black "Maga, Mirabeau"]
[Result "1-0"]
[WhiteElo "2150"]
[BlackElo "2370"]
[PlyCount "85"]
[EventDate "1997.??.??"]
[EventType "swiss"]
[EventRounds "11"]
[EventCountry "PHI"]
[SourceTitle "EXT 1998"]
[Source "ChessBase"]
[SourceDate "1997.11.17"]
[SourceVersion "1"]
[SourceVersionDate "1997.11.17"]
[SourceQuality "1"]

1. e4 e5 2. Nf3 Nc6 3. d4 exd4 4. Nxd4 Nf6 5. Nxc6 bxc6 6. Bd3 d5 7. e5 Ng4 8. 0-0 Bc5 9. Qe2 Qh4 10. h3 h5 11. Nd2 Nxf2 12. Rxf2 Bxh3 13. Nf3 Qxf2+ 14. Qxf2 Bxf2+ 15. Kxf2 Bd7 16. Be3 a5 17. Bd4 Kf8 18. Rf1 Kg8 19. Ng5 h4 20. Kg1 Be6 21. Nxe6 fxe6 22. Bg6 Rf8 23. Rxf8+ Kxf8 24. Bc5+ Kg8 25. Kh2 h3 26. g3 Rh6 27. Be8 g6 28. Be7 c5 29. g4 c4 30. Bg5 Rh7 31. Bf6 Rh6 32. c3 c5 33. g5 Rh4 34. Bxg6 Rf4 35. Be8 Kf8 36. Bd7 Kf7 37. g6+ Kxg6 38. Bxe6 Rf2+ 39. Kxh3 Rxb2 40. Bxd5 Rxa2 41. Kg3 Rd2 42. Be4+ Kf7 43. Bg5 1-0

[Event "Olympiad-30"]
[Site "Manila"]
[Date "1992.06.22"]
[Round "13.3"]
[White "Silva Lillo, Sebastian"]
[Black "Maga, Mirabeau"]
[Result "1/2-1/2"]
[WhiteElo "2355"]
[BlackElo "2350"]
[PlyCount "139"]
[EventDate "1992.06.08"]
[EventType "team-swiss"]
[EventRounds "14"]
[EventCountry "PHI"]
[SourceTitle "TD"]
[Source "ChessBase"]
[SourceDate "1994.03.01"]
[SourceVersion "1"]
[SourceVersionDate "1994.03.01"]
[SourceQuality "1"]
[WhiteTeam "Chile"]
[BlackTeam "Philippines III"]
[WhiteTeamCountry "CHI"]
[BlackTeamCountry "PHI"]

1. d4 Nf6 2. Nf3 g6 3. Nc3 c5 4. d5 Bg7 5. e4 d6 6. Be2 0-0 7. 0-0 Na6 8. Nd2 Nc7 9. a4 b6 10. Re1 e6 11. Nc4 exd5 12. exd5 Ba6 13. Bf4 Bxc4 14. Bxc4 a6 15. h3 Qd7 16. Qd3 Kh8 17. Re2 Nh5 18. Bg5 Be5 19. Rae1 f6 20. Be3 Rfb8 21. g4 b5 22. Ba2 c4 23. Qd2 Ng7 24. Nd1 g5 25. c3 Qf7 26. Bb1 Nxd5 27. Be4 Ne7 28. Bxa8 Rxa8 29. axb5 axb5 30. f4 gxf4 31. Bxf4 Ne6 32. Bh2 Ng5 33. Rf1 Qg7 34. Ne3 Nxh3+ 35. Kg2 Ng5 36. Bxe5 dxe5 37. Nf5 Nxf5 38. Rxf5 Qb7+ 39. Kg3 Ne4+ 40. Rxe4 Qxe4 41. Qh6 Qd3+ 42. Kh4 Qd8 43. Rxf6 Ra1 44. Qf8+ Qxf8 45. Rxf8+ Kg7 46. Rb8 Rg1 47. Kg5 Rf1 48. Rxb5 h6+ 49. Kh4 Kf6 50. Rb6+ Ke7 51. Kg3 Rf6 52. Rb7+ Kd6 53. Rb6+ Ke7 54. Rb4 Rf4 55. Rb7+ Kf6 56. Rb8 Kf7 57. Rb6 Rf6 58. Rb7+ Ke6 59. Rb6+ Ke7 60. Rb4 Rf4 61. Rb8 Kf7 62. Rc8 Re4 63. Rc6 Kg7 64. Rb6 Rf4 65. Kh4 Rf2 66. g5 hxg5+ 67. Kxg5 Kf7 68. Kg4 Ke7 69. Kg3 Rf4 70. b4 1/2-1/2

[Event "Olympiad-30"]
[Site "Manila"]
[Date "1992.06.21"]
[Round "12.3"]
[White "Maga, Mirabeau"]
[Black "Annakov, Babakuli"]
[Result "1/2-1/2"]
[WhiteElo "2350"]
[BlackElo "2365"]
[PlyCount "102"]
[EventDate "1992.06.08"]
[EventType "team-swiss"]
[EventRounds "14"]
[EventCountry "PHI"]
[SourceTitle "TD"]
[Source "ChessBase"]
[SourceDate "1994.03.01"]
[SourceVersion "1"]
[SourceVersionDate "1994.03.01"]
[SourceQuality "1"]
[WhiteTeam "Philippines III"]
[BlackTeam "Turkmenistan"]
[WhiteTeamCountry "PHI"]
[BlackTeamCountry "TKM"]

1. d4 f5 2. g3 Nf6 3. Bg2 g6 4. Nh3 Bg7 5. c4 0-0 6. Nc3 d6 7. 0-0 e5 8. dxe5 dxe5 9. Qxd8 Rxd8 10. Nd5 Rd7 11. Bg5 Kf7 12. Rfd1 c6 13. Nxf6 Bxf6 14. b4 Bg7 15. Be3 h6 16. a4 g5 17. f3 Rxd1+ 18. Rxd1 Be6 19. c5 Nd7 20. a5 f4 21. Bc1 b6 22. e3 bxc5 23. bxc5 fxg3 24. hxg3 Nxc5 25. f4 gxf4 26. exf4 e4 27. Nf2 Bd5 28. Be3 Bf8 29. Rb1 Re8 30. Ng4 h5 31. Ne5+ Kg8 32. Bf1 Nb3 33. a6 Bc5 34. Kf2 Nd2 35. Bxc5 Nxb1 36. Bxa7 Nc3 37. Bb6 Na4 38. Bc7 Rc8 39. a7 Ra8 40. Ba6 c5 41. Ke3 Kg7 42. f5 Kf6 43. Kf4 c4 44. g4 hxg4 45. Nxg4+ Ke7 46. Ke5 c3 47. Ne3 Bb3 48. Kd4 c2 49. Nxc2 Bxc2 50. Bb7 Kf6 51. Bxa8 Kxf5 1/2-1/2

[Event "Manila op"]
[Site "Manila"]
[Date "1991.??.??"]
[Round "?"]
[White "Maga, Mirabeau"]
[Black "Wojtkiewicz, Aleksander"]
[Result "0-1"]
[WhiteElo "2350"]
[BlackElo "2540"]
[PlyCount "78"]
[EventDate "1991.06.??"]
[EventType "swiss"]
[EventRounds "11"]
[EventCountry "PHI"]
[SourceTitle "EXT 1997"]
[Source "ChessBase"]
[SourceDate "1996.11.15"]
[SourceVersion "1"]
[SourceVersionDate "1996.11.15"]
[SourceQuality "1"]

1. c4 g6 2. d4 Bg7 3. Nc3 Nf6 4. e4 d6 5. Be2 0-0 6. Bg5 h6 7. Be3 c5 8. d5 a6 9. Qd2 b5 10. f3 b4 11. Nd1 e6 12. Nf2 exd5 13. cxd5 h5 14. Ngh3 a5 15. Ng5 Ba6 16. Bxa6 Nxa6 17. 0-0 Nc7 18. Rfd1 Re8 19. Rac1 a4 20. a3 Rb8 21. axb4 Rxb4 22. Nd3 Rb3 23. Bf2 Nd7 24. h4 Ne5 25. Nxe5 Bxe5 26. Rc2 Qf6 27. Qa5 Nb5 28. Qxa4 Rb4 29. Qa6 Nd4 30. Rcd2 Qf4 31. Kf1 Qh2 32. Qa7 Rf8 33. Qe7 Qh1+ 34. Bg1 Qxh4 35. Ra1 Rbb8 36. g3 Bxg3 37. Rxd4 cxd4 38. Bxd4 Qh1+ 39. Ke2 Qxa1 0-1

[Event "Far East Bank op"]
[Site "Manila"]
[Date "1990.06.04"]
[Round "7"]
[White "Mariano, Nelson"]
[Black "Maga, Mirabeau"]
[Result "1-0"]
[WhiteElo "2114"]
[BlackElo "2330"]
[PlyCount "91"]
[EventDate "1990.05.28"]
[EventType "swiss"]
[EventRounds "11"]
[EventCountry "PHI"]
[SourceTitle "EXT 2015"]
[Source "ChessBase"]
[SourceDate "2014.11.20"]
[SourceVersion "1"]
[SourceVersionDate "2014.11.20"]
[SourceQuality "1"]

1. e4 c5 2. Nf3 e6 3. d4 cxd4 4. Nxd4 Nf6 5. Nc3 d6 6. Bc4 a6 7. Bb3 Nbd7 8. f4 Nc5 9. f5 Be7 10. Qf3 e5 11. Nde2 Nxb3 12. axb3 h6 13. Ng3 h5 14. Bg5 h4 15. Bxf6 Bxf6 16. Nh5 Bg5 17. Nxg7+ Kf8 18. Nh5 b5 19. g3 Bb7 20. gxh4 Bxh4+ 21. Ng3 Qg5 22. Nce2 Rc8 23. c3 Rh6 24. Kd1 d5 25. Kc2 dxe4 26. Nxe4 Qh5 27. Qe3 Rhc6 28. N2g3 Qg4 29. Rhf1 b4 30. Ra4 bxc3 31. bxc3 Qh3 32. Rf2 Bd8 33. f6 Qh7 34. Qd3 Bb6 35. Rd2 Qg6 36. Kb2 Re6 37. Rb4 Kg8 38. h4 a5 39. Rc4 Rb8 40. h5 Qh7 41. Qd7 Ree8 42. Ng5 Rbd8 43. Nxh7 Rxd7 44. Rxd7 Kxh7 45. Rg4 Kh8 46. Rg7 1-0

[Event "Far East Bank op"]
[Site "Manila"]
[Date "1990.06.01"]
[Round "5"]
[White "Abriam, Luis"]
[Black "Maga, Mirabeau"]
[Result "0-1"]
[WhiteElo "2106"]
[BlackElo "2330"]
[PlyCount "116"]
[EventDate "1990.05.28"]
[EventType "swiss"]
[EventRounds "11"]
[EventCountry "PHI"]
[SourceTitle "EXT 2015"]
[Source "ChessBase"]
[SourceDate "2014.11.20"]
[SourceVersion "1"]
[SourceVersionDate "2014.11.20"]
[SourceQuality "1"]

1. d4 Nf6 2. c4 g6 3. Nc3 d5 4. Nf3 Bg7 5. cxd5 Nxd5 6. e4 Nxc3 7. bxc3 0-0 8. Rb1 c5 9. Be2 cxd4 10. cxd4 Qa5+ 11. Qd2 Qxd2+ 12. Bxd2 e6 13. 0-0 Nc6 14. Be3 Rd8 15. Rfd1 b6 16. Bg5 Rd6 17. e5 Rd7 18. Bb5 Bb7 19. Rdc1 Rc8 20. a4 Rdc7 21. Nd2 Na5 22. Rxc7 Rxc7 23. Nb3 Be4 24. Rb2 Nc4 25. Bxc4 Rxc4 26. a5 Rb4 27. axb6 axb6 28. Bd2 Rb5 29. Bc3 Bf8 30. Nd2 Rxb2 31. Bxb2 Bd5 32. f3 Be7 33. Kf2 Kf8 34. Ke3 Ke8 35. Kd3 Kd7 36. Nb1 b5 37. Bc1 h5 38. Kc3 b4+ 39. Kb2 Kc6 40. Nd2 Kb5 41. g3 Ka4 42. f4 Bd8 43. Kc2 Be7 44. Kb2 Kb5 45. Kc2 Bb7 46. Kb3 Bg2 47. Kc2 Kc6 48. Nc4 Be4+ 49. Kb2 Kd5 50. Nd6 Kxd4 51. Nxf7 Bc5 52. Nd6 Bd5 53. h3 Bg2 54. h4 Kd3 55. Nb5 Bd5 56. Nc7 Bc4 57. f5 gxf5 58. Bf4 Bd4+ 0-1

[Event "Greenhills op"]
[Site "Greenhills"]
[Date "1989.??.??"]
[Round "?"]
[White "Maga, Mirabeau"]
[Black "Liang, Jinrong"]
[Result "1/2-1/2"]
[WhiteElo "2330"]
[BlackElo "2455"]
[PlyCount "46"]
[EventDate "1989.07.??"]
[EventType "swiss"]
[EventRounds "12"]
[EventCountry "PHI"]
[SourceTitle "EXT 2010"]
[Source "ChessBase"]
[SourceDate "2010.11.25"]
[SourceVersion "1"]
[SourceVersionDate "2010.11.25"]
[SourceQuality "1"]

1. Nf3 Nf6 2. d4 e6 3. g3 d5 4. Bg2 Be7 5. 0-0 0-0 6. c4 dxc4 7. Qc2 a6 8. Qxc4 b5 9. Qc2 Bb7 10. Bd2 Be4 11. Qc1 b4 12. Bf4 Bd6 13. Nbd2 Bxf4 14. gxf4 Bd5 15. Qc2 Nbd7 16. Rac1 c5 17. dxc5 Rc8 18. Qa4 a5 19. Qb5 Bc6 20. Qd3 Bd5 21. Qb5 Rb8 22. Qd3 Rc8 23. Qb5 Rb8 1/2-1/2

[Event "Olympiad-27"]
[Site "Dubai"]
[Date "1986.12.01"]
[Round "14"]
[White "Maga, Mirabeau"]
[Black "Pritchett, Craig William"]
[Result "1/2-1/2"]
[WhiteElo "2240"]
[BlackElo "2410"]
[PlyCount "48"]
[EventDate "1986.11.15"]
[EventType "team-swiss"]
[EventRounds "14"]
[EventCountry "UAE"]
[SourceTitle "TD"]
[Source "ChessBase"]
[SourceDate "1994.03.01"]
[SourceVersion "1"]
[SourceVersionDate "1994.03.01"]
[SourceQuality "1"]
[WhiteTeam "Philippines"]
[BlackTeam "Scotland"]
[WhiteTeamCountry "PHI"]
[BlackTeamCountry "SCO"]

1. Nf3 Nf6 2. d4 e6 3. Bg5 c5 4. e3 Qb6 5. Nbd2 d5 6. dxc5 Bxc5 7. Bd3 Nc6 8. 0-0 Bd7 9. Qe2 Rc8 10. Bxf6 gxf6 11. e4 Nb4 12. exd5 Nxd5 13. Qe4 Be7 14. Rfe1 Nb4 15. Nc4 Qc6 16. Qg4 Nxc2 17. Bxc2 Qxc4 18. Qg7 Rf8 19. Bxh7 Qf4 20. Rad1 Bb4 21. Re3 Bc6 22. Rxe6+ Be7 23. Re3 Bxf3 24. Rxf3 Rc1 1/2-1/2